书目信息 |
| 题名: |
珍珠
|
|
| 作者: | 斯坦贝克 著 ;巫宁坤 译文 ;嘉孚随文学家编辑部 主编 | |
| 分册: | ||
| 出版信息: | 北京 中国和平出版社 2005 |
|
| 页数: | 208页 | |
| 开本: | 21cm | |
| 丛书名: | 人与自然的交响乐章---诺贝尔文学奖名篇 | |
| 单 册: | ||
| 中图分类: | I712.45 , H319.4 | |
| 科图分类: | ||
| 主题词: | 中篇小说--美国--现代 , 英语 | |
| 电子资源: | ||
| ISBN: | 7-80201-144-2 | |
| 000 | 01636nam0 2200409 450 | |
| 000 | 01599nam0 2200397 450 | |
| 000 | 01517nam0 2200361 450 | |
| 000 | 01480nam0 2200349 450 | |
| 000 | 01340nam0 2200337 450 | |
| 000 | 01286nam0 2200313 450 | |
| 000 | 01304nam0 2200301 450 | |
| 000 | 01267nam0 2200289 45 | |
| 001 | TS2006027077 | |
| 005 | 20070822163929.43 | |
| 010 | @a7-80201-144-2@dCNY18.00 | |
| 100 | @a20060829d2005 ekmy0chiy0120 ea | |
| 101 | 0 | @achi@aeng |
| 102 | @aCN@b110000 | |
| 105 | @aa z 000ay | |
| 200 | 1 | @a珍珠@AZhen Zhu@f(美国) 约翰·斯坦贝克著@F( Mei Guo ) Yue Han· Si Tan Bei Ke Zhu@g嘉孚随文学家编辑部主编@Gjia fu sui wen xue jia bian ji bu zhu bian@g巫宁坤译文 |
| 210 | @a北京@c中国和平出版社@d2005 | |
| 215 | @a208页@c图@d21cm | |
| 225 | 2 | @a人与自然的交响乐章---诺贝尔文学奖名篇 |
| 300 | @a彩绘名著;中英文双语阅读 | |
| 330 | @a内容简介:在墨西哥北部的采珠中心托巴斯城,渔民奇诺一家过着贫寒安宁的日子,有一天,奇诺的儿子小狗子被蝎子蜇了,生命危在旦夕却无钱求医,奇诺在海里捞到一颗巨大的珍珠,满以为从此可以过上幸福的生活,可是珍珠商们却联合起来杀价...... | |
| 410 | 0 | @12001 @a人与自然的交响乐章---诺贝尔文学奖名篇 |
| 606 | 0 | @a中篇小说@y美国@z现代 |
| 606 | 0 | @a英语 |
| 690 | @aI712.45@v4 | |
| 690 | @aH319.4@v3 | |
| 701 | 1 | @a斯坦贝克@ASi Tan Bei Ke@b约翰@4著 |
| 702 | 0 | @a巫宁坤@AWu Ning Kun@4译文 |
| 712 | 0 | @a嘉孚随文学家编辑部@Ajia fu sui wen xue jia bian ji bu@4主编 |
| 801 | 0 | @aCN@b中图数据@c20070822 |
| 905 | @a10447@dH319.4@e1521 | |
| 珍珠/(美国) 约翰·斯坦贝克著/嘉孚随文学家编辑部主编/巫宁坤译文.-北京:中国和平出版社,2005 |
| 208页:图;21cm.-(人与自然的交响乐章---诺贝尔文学奖名篇) |
| 彩绘名著;中英文双语阅读 |
| ISBN 7-80201-144-2:CNY18.00 |
| 内容简介:在墨西哥北部的采珠中心托巴斯城,渔民奇诺一家过着贫寒安宁的日子,有一天,奇诺的儿子小狗子被蝎子蜇了,生命危在旦夕却无钱求医,奇诺在海里捞到一颗巨大的珍珠,满以为从此可以过上幸福的生活,可是珍珠商们却联合起来杀价...... |
| ● |
| 相关链接 |
|
|
|
|
正题名:珍珠
索取号:H319.4/1521
 
预约/预借
| 序号 | 登录号 | 条形码 | 馆藏地/架位号 | 状态 | 备注 |
| 1 | 0617138 | 206171382 | 第二样本阅览室/ [索取号:H319.4/1521] | 在馆 | |
| 2 | 0617139 | 206171391 | 第四借阅区/ [索取号:H319.4/1521] | 在馆 | |
| 3 | 0617140 | 206171408 | 第四借阅区/ [索取号:H319.4/1521] | 在馆 | |
| 4 | 0617141 | 206171417 | 第四借阅区/ [索取号:H319.4/1521] | 在馆 | |
| 5 | 0617142 | 206171426 | 第四借阅区/ [索取号:H319.4/1521] | 在馆 |